00708nam a22002057a 450000500170000001000150001702000260003203500130005803700130007108200200008424501090010426000350021327000700024830000320031850000260035050000420037665000420041870000200046070000220048020150519114501.0 aENG-112569 a9789381904763c740.00 aEN-96101 bDBAD/PUB a 327.174709549100aPakistan's tactical nuclear weapons :cedited by Gurmeet Kanwal [and] Monika Chansoriabconflict redux / aNew DelhibKW Publishersc2014 a4676/21, First Floor, Ansari Road, Daryaganj, bNew Delhie110002 axvi,232p. :c23cm(Hb)bill. aContributed articles. a Includes bibliographical references. a Tactical nuclear weapons zPakistan. aKanwal, Gurmeet aChansoria, Monika